Исследование многопараметровых методов контроля для повышения достоверности сортировки сталей по маркам: диссертация на соискание ученой степени кандидата технических наук; Спец. 05.11.02

Bibliografiset tiedot
Päätekijä: Плотникова Г. А. Галина Александровна
Yhteisötekijä: Томский политехнический институт
Muut tekijät: Лещенко И. Г. (научный руководитель)
Kieli:venäjä
Julkaistu: Томск, [Б. и.], 1980
Aiheet:
Aineistotyyppi: Kirja
KOHA link:https://koha.lib.tpu.ru/cgi-bin/koha/opac-detail.pl?biblionumber=76001

MARC

LEADER 00000nbm0a2200000 4500
001 76001
005 20231031091249.0
035 |a (RuTPU)RU\TPU\book\81152 
090 |a 76001 
100 |a 20050407d1980 k y0rusy50 ca 
101 0 |a rus 
102 |a RU 
105 |a a m 001zy 
200 1 |a Исследование многопараметровых методов контроля для повышения достоверности сортировки сталей по маркам  |e диссертация на соискание ученой степени кандидата технических наук  |e Спец. 05.11.02  |f Г. А. Плотникова  |g Томский политехнический институт; науч. рук. И. Г. Лещенко 
210 |a Томск  |c [Б. и.]  |d 1980 
215 |a 189 л.  |c ил. 
320 |a Библиогр.: с. 144 -153 (95 назв.) 
610 1 |a диссертации 
610 1 |a исследование 
610 1 |a методы контроля 
610 1 |a сортировка 
610 1 |a марки сталей 
610 1 |a испытательные приборы 
610 1 |a неразрушающие методы 
610 1 |a электромагнитный контроль 
610 1 |a сталь 
610 1 |a металлургия 
675 |a 669.14:620.1(048)  |v 3 
686 |a 05.11.02  |2 oksvnk 
700 1 |a Плотникова  |b Г. А.  |g Галина Александровна 
702 1 |a Лещенко  |b И. Г.  |4 727 
712 0 2 |a Томский политехнический институт  |2 stltpush  |3 (RuTPU)RU\TPU\col\1123 
801 1 |a RU  |b 63413507  |c 20050407  |g PSBO 
801 2 |a RU  |b 63413507  |c 20200204  |g RCR 
942 |c BK